| 000 | 00364nam a2200133Ia 4500 | ||
|---|---|---|---|
| 008 | 220217s9999||||xx |||||||||||||| ||und|| | ||
| 020 | _a81-7808-3647-7 | ||
| 082 | _a621.381 7 NAG | ||
| 100 |
_aNagchoudhuri, Dipankar _92391 |
||
| 245 | 0 | _aMicroelectronics devices | |
| 260 |
_aPearson education asia _bDelhi _c2001 |
||
| 300 | _b225 | ||
| 650 | _aELECTRONICS | ||
| 999 |
_c168921 _d168921 |
||